| 000 | 00393nam a2200145Ia 4500 | ||
|---|---|---|---|
| 008 | 231129s2003||||xx |||||||||||||| ||spa|| | ||
| 020 | _a958-42-0544-7 | ||
| 040 | _bspa | ||
| 082 | _a928.6 T758v | ||
| 100 | _aVerlichak Victoria | ||
| 245 | 0 | _aMarta Traba: Una terquedad furibunda | |
| 260 | _c2003 | ||
| 264 | _aPlaneta Colombiana | ||
| 942 |
_2ddc _cBKS |
||
| 999 |
_c20694 _d20694 |
||